000 00866nam a2200277 a 4500
001 000044243
003 DO-SdBNP
005 20230502112556.0
007 000044243
008 140611s2009 dr 000 0 spa d
020 _a9789945172157
040 _aBPMSU
_bspa
_cBPMSU
082 4 _aRD863.44
_bA187i 2009
_222
100 1 _aAcra Wax, Patricia
245 1 4 _aLos invisibles y los terrenales /
_cPatricia Acra Wax ; edición Patricia Miranda.
260 _aSanto Domingo :
_bSM,
_c2009.
300 _a100 p. ;
_c19 cm.
490 0 _aEl barco de vapor,
_v9
500 _aIncluye datos biográficos del autor en la contracubierta
590 _6Inventariado, 2023/VM
650 4 _aCuentos infantiles dominicanos
650 4 _aLiteratura infantil dominicana
700 1 _aMiranda, Patricia,
_eed.
910 _aVMateo V. Control de calidad (BPMSU)
942 _2ddc
_cBK
999 _c7386
_d7386